JHCSC Library Logo Welcome to JHCSC LibraryWhere Every Page Begins a New Adventure.    Vision: A leading public higher education institution serving the ASEAN community through quality, innovative, and culture-sensitive programs.    Mission: To provide relevant and responsive programs in Agriculture, Education, and other fields aligned with its vision. It undertakes applied research, extension, and production services that yield practical and lasting solutions to sector-specific challenges, improving the socio-economic well-being of identified communities.

Simple Excel XP (Record no. 11305)

MARC details
000 -LEADER
fixed length control field 00478nam a22001457a 4500
005 - DATE AND TIME OF LATEST TRANSACTION
control field 20260204082339.0
008 - FIXED-LENGTH DATA ELEMENTS--GENERAL INFORMATION
fixed length control field 260204b |||||||| |||| 00| 0 eng d
040 ## - CATALOGING SOURCE
Transcribing agency JHCSC
082 ## - DEWEY DECIMAL CLASSIFICATION NUMBER
Classification number 005 An543 2002
100 ## - MAIN ENTRY--PERSONAL NAME
Personal name Antonio M. Andes Sr.
Relator term Author
9 (RLIN) 10086
245 ## - TITLE STATEMENT
Title Simple Excel XP
Statement of responsibility, etc. Antonio M. Andes Sr. | Antonio M. Andes Jr.
260 ## - PUBLICATION, DISTRIBUTION, ETC.
Place of publication, distribution, etc. #25.1 Francisco St., Malinta, Valenzuela City
Name of publisher, distributor, etc. Andes Mountain Printers
Date of publication, distribution, etc. 2008
300 ## - PHYSICAL DESCRIPTION
Extent VI, M30
Other physical details Illustrations
942 ## - ADDED ENTRY ELEMENTS (KOHA)
Source of classification or shelving scheme Dewey Decimal Classification
Koha item type Book
Holdings
Withdrawn status Lost status Source of classification or shelving scheme Damaged status Not for loan Collection code Home library Current library Shelving location Date acquired Total Checkouts Full call number Date last seen Price effective from Koha item type
    Dewey Decimal Classification     Information Technology JHCSC - Canuto MS Enero Campus Library JHCSC - Canuto MS Enero Campus Library Circulation 11/10/2020   005 An543 2002 02/04/2026 02/04/2026 Book
© J.H. Cerilles State College | All Rights Reserved
Designed by Terhevic L. Bation & Gerald Biad, Library IT Staff